<?xml version="1.0" encoding="UTF-8"?>
<record
    xmlns:xsi="http://www.w3.org/2001/XMLSchema-instance"
    xsi:schemaLocation="http://www.loc.gov/MARC21/slim http://www.loc.gov/standards/marcxml/schema/MARC21slim.xsd"
    xmlns="http://www.loc.gov/MARC21/slim">

  <leader>00848nam a22001577a 4500</leader>
  <controlfield tag="003">OSt</controlfield>
  <controlfield tag="005">20151216145812.0</controlfield>
  <controlfield tag="008">151216b        xxu||||| |||| 00| 0 eng d</controlfield>
  <datafield tag="040" ind1=" " ind2=" ">
    <subfield code="c">RUA</subfield>
  </datafield>
  <datafield tag="082" ind1=" " ind2=" ">
    <subfield code="a">AED NEA 2005 B219 Or.1</subfield>
  </datafield>
  <datafield tag="100" ind1=" " ind2=" ">
    <subfield code="9">4935</subfield>
    <subfield code="a">NEANG, KHORY.</subfield>
  </datafield>
  <datafield tag="245" ind1=" " ind2=" ">
    <subfield code="a">The study on living standard of the people making their living with garbage and effect of closing stung meanchey landfill in phnom penh city, &#x179F;&#x17B7;&#x1780;&#x17D2;&#x179F;&#x17B6;&#x17A2;&#x17C6;&#x1796;&#x17B8;&#x1780;&#x17C6;&#x179A;&#x17B7;&#x178F;&#x1787;&#x17B7;&#x179C;&#x1797;&#x17B6;&#x1796;&#x1794;&#x17D2;&#x179A;&#x1787;&#x17B6;&#x1787;&#x1793;&#x1794;&#x17D2;&#x179A;&#x1780;&#x1794;&#x1798;&#x17BB;&#x1781;&#x179A;&#x1794;&#x179A;&#x179B;&#x17BE;&#x1782;&#x17C6;&#x1793;&#x179A;&#x179F;&#x17C6;&#x179A;&#x17B6;&#x1798; &#x1793;&#x17B7;&#x1784;&#x1780;&#x17B6;&#x179A;&#x1794;&#x17D2;&#x179A;&#x1788;&#x1798;&#x1798;&#x17BB;&#x1781;&#x1791;&#x17C5;&#x1793;&#x17B9;&#x1784;&#x1782;&#x17C6;&#x179A;&#x17C4;&#x1784;&#x1794;&#x17B7;&#x1791;&#x1791;&#x17B8;&#x179B;&#x17B6;&#x1793;&#x1785;&#x17B6;&#x1780;&#x17CB;&#x179F;&#x17C6;&#x179A;&#x17B6;&#x1798;&#x179F;&#x17D2;&#x1791;&#x17B9;&#x1784;&#x1798;&#x17B6;&#x1793;&#x1787;&#x17D0;&#x1799;&#x1780;&#x17D2;&#x179A;&#x17BB;&#x1784;&#x1797;&#x17D2;&#x1793;&#x17C6;&#x1796;&#x17C1;&#x1789;</subfield>
  </datafield>
  <datafield tag="260" ind1=" " ind2=" ">
    <subfield code="a">Phnom Penh</subfield>
    <subfield code="b">RUA</subfield>
    <subfield code="c">2005</subfield>
  </datafield>
  <datafield tag="300" ind1=" " ind2=" ">
    <subfield code="a">x; 44p.</subfield>
    <subfield code="b">ill.</subfield>
    <subfield code="c">29cm.</subfield>
  </datafield>
  <datafield tag="942" ind1=" " ind2=" ">
    <subfield code="2">ddc</subfield>
    <subfield code="c">AED</subfield>
  </datafield>
  <datafield tag="999" ind1=" " ind2=" ">
    <subfield code="c">4585</subfield>
    <subfield code="d">4585</subfield>
  </datafield>
  <datafield tag="952" ind1=" " ind2=" ">
    <subfield code="0">0</subfield>
    <subfield code="1">0</subfield>
    <subfield code="2">ddc</subfield>
    <subfield code="4">0</subfield>
    <subfield code="6">AED_NEA_2005_000000000000000_B219_OR_1</subfield>
    <subfield code="7">0</subfield>
    <subfield code="9">23721</subfield>
    <subfield code="a">LBB</subfield>
    <subfield code="b">LBB</subfield>
    <subfield code="c">B219</subfield>
    <subfield code="d">2015-12-16</subfield>
    <subfield code="o">AED NEA 2005 B219 Or.1</subfield>
    <subfield code="p">RUA030113</subfield>
    <subfield code="r">2015-12-16</subfield>
    <subfield code="w">2015-12-16</subfield>
    <subfield code="y">AED</subfield>
  </datafield>
  <datafield tag="952" ind1=" " ind2=" ">
    <subfield code="0">0</subfield>
    <subfield code="1">0</subfield>
    <subfield code="2">ddc</subfield>
    <subfield code="4">0</subfield>
    <subfield code="6">AED_NEA_2005_000000000000000_B219_OR_2</subfield>
    <subfield code="7">0</subfield>
    <subfield code="9">23722</subfield>
    <subfield code="a">LBB</subfield>
    <subfield code="b">LBB</subfield>
    <subfield code="c">B219</subfield>
    <subfield code="d">2015-12-16</subfield>
    <subfield code="o">AED NEA 2005 B219 Or.2</subfield>
    <subfield code="p">RUA030175</subfield>
    <subfield code="r">2015-12-16</subfield>
    <subfield code="w">2015-12-16</subfield>
    <subfield code="y">AED</subfield>
  </datafield>
  <datafield tag="952" ind1=" " ind2=" ">
    <subfield code="0">0</subfield>
    <subfield code="1">0</subfield>
    <subfield code="2">ddc</subfield>
    <subfield code="4">0</subfield>
    <subfield code="6">AED_NEA_2005_000000000000000_B219_OR_3</subfield>
    <subfield code="7">0</subfield>
    <subfield code="9">23723</subfield>
    <subfield code="a">LBB</subfield>
    <subfield code="b">LBB</subfield>
    <subfield code="c">B219</subfield>
    <subfield code="d">2015-12-16</subfield>
    <subfield code="l">1</subfield>
    <subfield code="o">AED NEA 2005 B219 Or.3</subfield>
    <subfield code="p">RUA030173</subfield>
    <subfield code="r">2016-06-24</subfield>
    <subfield code="s">2016-06-08</subfield>
    <subfield code="w">2015-12-16</subfield>
    <subfield code="y">AED</subfield>
  </datafield>
  <datafield tag="952" ind1=" " ind2=" ">
    <subfield code="0">0</subfield>
    <subfield code="1">0</subfield>
    <subfield code="2">ddc</subfield>
    <subfield code="4">0</subfield>
    <subfield code="6">AED_NEA_2005_000000000000000_B219_OR_4</subfield>
    <subfield code="7">0</subfield>
    <subfield code="9">23724</subfield>
    <subfield code="a">LBB</subfield>
    <subfield code="b">LBB</subfield>
    <subfield code="c">B219</subfield>
    <subfield code="d">2015-12-16</subfield>
    <subfield code="o">AED NEA 2005 B219 Or.4</subfield>
    <subfield code="p">RUA030176</subfield>
    <subfield code="r">2015-12-16</subfield>
    <subfield code="w">2015-12-16</subfield>
    <subfield code="y">AED</subfield>
  </datafield>
  <datafield tag="952" ind1=" " ind2=" ">
    <subfield code="0">0</subfield>
    <subfield code="1">0</subfield>
    <subfield code="2">ddc</subfield>
    <subfield code="4">0</subfield>
    <subfield code="6">AED_NEA_2005_000000000000000_B219_OR_5</subfield>
    <subfield code="7">0</subfield>
    <subfield code="9">23725</subfield>
    <subfield code="a">LBB</subfield>
    <subfield code="b">LBB</subfield>
    <subfield code="c">B219</subfield>
    <subfield code="d">2015-12-16</subfield>
    <subfield code="l">1</subfield>
    <subfield code="o">AED NEA 2005 B219 Or.5</subfield>
    <subfield code="p">RUA030252</subfield>
    <subfield code="r">2016-06-02</subfield>
    <subfield code="s">2016-05-10</subfield>
    <subfield code="w">2015-12-16</subfield>
    <subfield code="y">AED</subfield>
  </datafield>
  <datafield tag="952" ind1=" " ind2=" ">
    <subfield code="0">0</subfield>
    <subfield code="1">0</subfield>
    <subfield code="2">ddc</subfield>
    <subfield code="4">0</subfield>
    <subfield code="6">AED_NEA_2005_000000000000000_B219_OR_6</subfield>
    <subfield code="7">0</subfield>
    <subfield code="9">23726</subfield>
    <subfield code="a">LBB</subfield>
    <subfield code="b">LBB</subfield>
    <subfield code="c">B219</subfield>
    <subfield code="d">2015-12-16</subfield>
    <subfield code="o">AED NEA 2005 B219 Or.6</subfield>
    <subfield code="p">RUA030041</subfield>
    <subfield code="r">2015-12-16</subfield>
    <subfield code="w">2015-12-16</subfield>
    <subfield code="y">AED</subfield>
  </datafield>
</record>
